Statistics for Band Quiz:Guitarists

Click here to take the quiz!

General Stats

  • This quiz has been taken 53 times
  • The average score is 20 of 30

Answer Stats

GuitaristsBand% Correct
Brian MayQueen
98%
Jimmy PageLed Zeppelin
94%
George HarrisonThe Beatles
94%
Johnny RamoneThe Ramones
94%
Eddie Van HalenVan Halen
94%
Keith RichardsThe Rolling Stones
90%
Angus YoungAC/DC
88%
Saul "Slash" HudsonGuns N' Roses
88%
David GilmourPink Floyd
85%
Eric ClaptonThe Yardbirds/Cream
83%
Tony IommiBlack Sabbath
81%
Jimi HendrixThe Jimi Hendrix Experience/Band of Gypsys
81%
Pete TownshendThe Who
81%
Mark KnopflerDire Straits
77%
Kirk HammettMetallica
77%
Duane AllmanAllman Brothers Band
75%
Joe PerryAerosmith
71%
Ritchie BlackmoreDeep Purple
71%
Jerry GarciaGrateful Dead
69%
Tom MorelloRage Against the Machine
63%
Bruce SpringsteenE Street Band
60%
Jeff BeckThe Yardbirds
48%
Dave DaviesThe Kinks
46%
Alex LifesonRush
44%
Dimebag DarrellPantera
40%
Peter GreenFleetwood Mac
33%
Neil YoungBuffalo Springfield
25%
Dave MurrayIron Maiden
25%
Randy RhoadsQuiet Riot
15%
Mark SheehanThe Script
6%

Score Distribution

Percentile by Number Answered

Percent of People with Each Score

Your Score History

You have not taken this quiz